000 00406nam a2200169Ia 4500
008 230516s9999 xx 000 0 und d
041 _aeng
082 _a615.4
_bCAR
100 _aCARTER S.J.
245 _aCOOPER AND GUNN'S DISPENSING FOR PHARMACEUTICAL STUDENTS
260 _bC.B.S PUBLICATION
_c2008
300 _a759
365 _h20%
500 _aPB
520 _aPH
650 _aPHARMACEUTICS
999 _c372017
_d372017